000 00513nam a22001937a 4500
003 OSt
005 20240530110422.0
008 150312s1992 ua ac f 000 0 eng d
040 _aEG-CaGPL
_cEG-CaGPL
082 0 4 _221
_a796
_bCH/T F
100 1 _4Taylor , Jeremy
245 _aFocus on Swimming /
_cJeremy Taylor
250 _aed. 1
260 _aCairo :
_bElisa Hoopoe ,
_c1992.
300 _a32 p. :
_bill. (chiefly col.) ;
_c24 cm.
650 0 _aSwimming
942 _2ddc
_cBK
999 _c60669
_d60669